000 00973nam a2200337 c 4500
001 514315
003 DO-SdBPM
005 20251210091611.0
007 ta
008 140711s2007 sp 000 f cze
020 _a9788423649013
040 _aDO-SdBPM
_bspa
_cBPMSU
_e rda
080 _a
082 4 _a863.6
_bR934m 2007
_2 22
100 1 _aRuiz Zafón, Carlos,
_d1964-
_eautor
_4 aut.
245 1 0 _aMarina /
_cCarlos Ruiz Zafón ; traductor Elisenda Vergés.
250 _a6a. ed.
260 _c
264 _a Barcelona :
_bNómades,
_c2007
300 _a238 páginas ;
_c22 cm
336 _aTexto
_btxt
_2isbdcontent
337 _asin mediación
_bn
_2isbdmedia
338 _avolumen
_bnc
_2rdacarrier
490 0 _aNómadas,
_v6
590 _aInventariado, 2025/VM
650 7 _aNovela española
650 7 _aNovela amorosa
700 1 _aVergés, Adolfo,
_etraductor
_4
910 _aVMateo V. Control de calidad. BPMSU
942 _2ddc
_cBK
999 _c9422
_d9422